[Event "Budapest FS02 FM-C"]
[Site "Budapest"]
[Date "2007.02.08"]
[Round "6"]
[White "Dobos, Otto"]
[Black "Simon, Peter"]
[Result "1-0"]
[WhiteElo "1869"]
[BlackElo "1912"]
[PlyCount "41"]
[EventDate "2007.02.03"]
[EventType "tourn"]
[EventRounds "11"]
[EventCountry "HUN"]
[SourceTitle "CBM 116 Extra"]
[Source "ChessBase"]
[SourceDate "2007.03.07"]
[SourceVersion "1"]
[SourceVersionDate "2007.03.07"]
[SourceQuality "1"]

1. d4 Nf6 2. Bf4 d6 3. e3 g6 4. Nf3 Bg7 5. c3 0-0 6. Bc4 c6 7. 0-0 Nbd7 8. h3 Nb6 9. Bb3 Be6 10. Bxe6 fxe6 11. a4 Nbd5 12. Bh2 Nc7 13. Qb3 Rb8 14. Nbd2 Qd7 15. Qa2 Kh8 16. c4 Rbd8 17. Rab1 Qc8 18. b4 d5 19. b5 cxb5 20. cxb5 Nce8 21. Rbc1 1-0

[Event "Budapest FS02 FM-C"]
[Site "Budapest"]
[Date "2007.02.07"]
[Round "5"]
[White "Simon, Peter"]
[Black "Papp, Jozsef1111"]
[Result "1-0"]
[WhiteElo "1912"]
[BlackElo "1894"]
[PlyCount "90"]
[EventDate "2007.02.03"]
[EventType "tourn"]
[EventRounds "11"]
[EventCountry "HUN"]
[SourceTitle "CBM 116 Extra"]
[Source "ChessBase"]
[SourceDate "2007.03.07"]
[SourceVersion "1"]
[SourceVersionDate "2007.03.07"]
[SourceQuality "1"]

1. Nc3 d5 2. e4 dxe4 3. Nxe4 e6 4. Bc4 Nf6 5. Qe2 Nxe4 6. Qxe4 Nd7 7. d4 Nf6 8. Qd3 Be7 9. Bg5 c6 10. 0-0-0 a5 11. Bxf6 Bxf6 12. Qe3 b5 13. Be2 Bb7 14. Nf3 Qb6 15. Rhe1 0-0 16. g4 g6 17. h4 Rfe8 18. Qf4 Bg7 19. h5 Rad8 20. hxg6 hxg6 21. Ne5 Qc7 22. c3 Bxe5 23. dxe5 Rxd1+ 24. Bxd1 Qe7 25. Bc2 Kg7 26. Rh1 Rh8 27. Rxh8 Kxh8 28. Qh6+ Kg8 29. f4 Qc5 30. Qh2 Qe3+ 31. Qd2 Qxd2+ 32. Kxd2 c5 33. Ke3 Kf8 34. Bd3 Bc6 35. b4 axb4 36. cxb4 cxb4 37. Kd4 Bd5 38. Bb1 Bc4 39. g5 Ke7 40. Kc5 Kd7 41. Kxb4 Be2 42. Be4 Kc7 43. Kc5 Bf1 44. a3 b4 45. axb4 Ba6 1-0

[Event "HUN-chT2 Erkel 0405"]
[Site "Hungary"]
[Date "2004.11.21"]
[Round "3"]
[White "Simon, Peter"]
[Black "Bognar, Bence"]
[Result "1-0"]
[WhiteElo "1937"]
[BlackElo "1961"]
[PlyCount "21"]
[EventDate "2004.09.26"]
[EventType "team"]
[EventRounds "11"]
[EventCountry "HUN"]
[SourceTitle "EXT 2009"]
[Source "ChessBase"]
[SourceDate "2008.11.26"]
[SourceVersion "1"]
[SourceVersionDate "2008.11.26"]
[SourceQuality "1"]
[WhiteTeam "Foti"]
[BlackTeam "Mezokovesd"]
[WhiteTeamCountry "HUN"]
[BlackTeamCountry "HUN"]

1. e4 e5 2. Nc3 Bc5 3. Nf3 d6 4. Bc4 Nf6 5. d4 exd4 6. Nxd4 Nc6 7. Nxc6 bxc6 8. Bg5 Bxf2+ 9. Kxf2 Ng4+ 10. Qxg4 f6 11. Qf3 1-0

[Event "Budapest FS05 FM-B"]
[Site "Budapest"]
[Date "2004.05.??"]
[Round "6"]
[White "Hoang, Tri"]
[Black "Simon, Peter"]
[Result "1-0"]
[WhiteElo "2045"]
[BlackElo "1917"]
[PlyCount "95"]
[EventDate "2004.05.??"]
[EventType "tourn"]
[EventRounds "13"]
[EventCountry "HUN"]
[SourceTitle "CBM 100 Extra"]
[Source "ChessBase"]
[SourceDate "2004.07.06"]
[SourceVersion "2"]
[SourceVersionDate "2004.07.06"]
[SourceQuality "1"]

1. d4 Nf6 2. Bg5 e6 3. e4 Be7 4. e5 Nd5 5. Bxe7 Qxe7 6. c4 Nb6 7. c5 Nd5 8. Bc4 d6 9. Bxd5 exd5 10. Nc3 dxc5 11. Nxd5 Qd8 12. dxc5 Be6 13. Nf4 Qg5 14. Nxe6 Qxe5+ 15. Qe2 Qxe6 16. Qxe6+ fxe6 17. a3 Nc6 18. Nf3 0-0 19. 0-0 Rad8 20. Rfe1 Rfe8 21. Re4 h6 22. Rae1 e5 23. h3 Rd5 24. b4 b5 25. a4 bxa4 26. Ra1 Rb8 27. Rxa4 Rb5 28. Kf1 a5 29. bxa5 Rxa5 30. Rxa5 Nxa5 31. Rxe5 Rxe5 32. Nxe5 Nb7 33. c6 Nd8 34. Ke2 Kf8 35. Ke3 Ke7 36. Ke4 Kd6 37. Kf5 Nxc6 38. Nxc6 Kxc6 39. Kg6 Kd5 40. f4 c5 41. f5 c4 42. Kxg7 c3 43. f6 c2 44. f7 c1Q 45. f8Q Qg5+ 46. Kh7 h5 47. Qg8+ Qxg8+ 48. Kxg8 1-0

[Event "Budapest FS03 FM"]
[Site "Budapest"]
[Date "2004.03.13"]
[Round "8"]
[White "Simon, Peter"]
[Black "Lantos, Attila"]
[Result "1-0"]
[WhiteElo "1917"]
[BlackElo "2022"]
[PlyCount "113"]
[EventDate "2004.03.06"]
[EventType "tourn"]
[EventRounds "13"]
[EventCountry "HUN"]
[SourceTitle "CBM 099 Extra"]
[Source "ChessBase"]
[SourceDate "2004.05.04"]
[SourceVersion "1"]
[SourceVersionDate "2004.05.04"]
[SourceQuality "1"]

1. e4 e5 2. Nf3 Nf6 3. Nxe5 d6 4. Nf3 Nxe4 5. Nc3 Nxc3 6. dxc3 Be7 7. Bc4 c6 8. 0-0 0-0 9. Re1 Bg4 10. Bf4 d5 11. Bf1 Bf6 12. Qd3 Nd7 13. Ne5 Nxe5 14. Bxe5 Re8 15. Qd4 Bxe5 16. Rxe5 Rxe5 17. Qxe5 Be6 18. Rd1 Qb6 19. b3 Re8 20. c4 f6 21. Qf4 Bf7 22. cxd5 cxd5 23. c4 dxc4 24. Bxc4 Bxc4 25. Qxc4+ Qe6 26. Qxe6+ Rxe6 27. Kf1 Kf7 28. Rd7+ Re7 29. Rd2 Re6 30. f4 Ke7 31. Kf2 Rd6 32. Re2+ Re6 33. Rc2 Kd7 34. Kf3 Rc6 35. Re2 Re6 36. Rf2 g6 37. g4 Ra6 38. Rc2 h6 39. Re2 Re6 40. Rg2 Rd6 41. h4 Ke7 42. Re2+ Kf7 43. Rc2 Rd7 44. Rc3 b6 45. Rc6 Re7 46. b4 Re6 47. Rc8 g5 48. hxg5 hxg5 49. Rc7+ Re7 50. Rxe7+ Kxe7 51. fxg5 fxg5 52. b5 Kd6 53. Ke4 Ke6 54. a3 Kf6 55. Kd5 Kf7 56. Ke5 Kg6 57. Ke6 1-0

[Event "Budapest FS03 FM"]
[Site "Budapest"]
[Date "2004.03.12"]
[Round "7"]
[White "Fleischer, Andy"]
[Black "Simon, Peter"]
[Result "0-1"]
[WhiteElo "2075"]
[BlackElo "1917"]
[PlyCount "61"]
[EventDate "2004.03.06"]
[EventType "tourn"]
[EventRounds "13"]
[EventCountry "HUN"]
[SourceTitle "CBM 099 Extra"]
[Source "ChessBase"]
[SourceDate "2004.05.04"]
[SourceVersion "1"]
[SourceVersionDate "2004.05.04"]
[SourceQuality "1"]

1. c4 e5 2. Nc3 Nf6 3. Nf3 Nc6 4. e3 Bb4 5. Qc2 0-0 6. a3 Bxc3 7. bxc3 Re8 8. d4 e4 9. Nd2 d6 10. Rb1 Rb8 11. h3 Bf5 12. Be2 Qe7 13. Nf1 Bg6 14. Ng3 Nd7 15. h4 h6 16. h5 Bh7 17. Qa2 Nd8 18. Bg4 Ne6 19. Rb5 c6 20. Rb2 Qg5 21. Bxe6 fxe6 22. Qb1 b6 23. Qc2 Rf8 24. Qa4 b5 25. Qxa7 Nb6 26. cxb5 cxb5 27. 0-0 Nc4 28. Rc2 Qd5 29. Qe7 Rf6 30. Qc7 Rbf8 31. Qe7 0-1

[Event "Budapest FS03 FM"]
[Site "Budapest"]
[Date "2004.03.11"]
[Round "6"]
[White "Simon, Peter"]
[Black "Kutzner, Stephen"]
[Result "1-0"]
[WhiteElo "1917"]
[BlackElo "2069"]
[PlyCount "85"]
[EventDate "2004.03.06"]
[EventType "tourn"]
[EventRounds "13"]
[EventCountry "HUN"]
[SourceTitle "CBM 099 Extra"]
[Source "ChessBase"]
[SourceDate "2004.05.04"]
[SourceVersion "1"]
[SourceVersionDate "2004.05.04"]
[SourceQuality "1"]

1. d4 Nf6 2. c4 g6 3. Nf3 Bg7 4. Nc3 0-0 5. e4 d6 6. Be2 e5 7. Bg5 Qe8 8. dxe5 dxe5 9. Bxf6 Bxf6 10. Nd5 Bd8 11. 0-0 Be6 12. Qd2 c6 13. Nc3 Nd7 14. Rad1 Bc7 15. Ng5 Rd8 16. Qc2 f6 17. Nxe6 Qxe6 18. b3 Qe7 19. Na4 Nc5 20. b4 Ne6 21. c5 Nd4 22. Bc4+ Kg7 23. Qb2 f5 24. exf5 Rxf5 25. Nc3 Qh4 26. f4 Rdf8 27. g3 Qg4 28. Rxd4 exd4 29. Ne2 Be5 30. Nxd4 Bxd4+ 31. Qxd4+ R5f6 32. Re1 Qf5 33. Re7+ Kh8 34. Be6 Qb1+ 35. Kg2 Qe1 36. Qd7 Qe4+ 37. Kh3 g5 38. fxg5 Rf4 39. Bg4 Qb1 40. gxf4 Qf1+ 41. Kh4 Qf2+ 42. Kh5 Qxh2+ 43. Bh3 1-0

[Event "Budapest FS11 FM-A"]
[Site "Budapest"]
[Date "2003.11.01"]
[Round "1"]
[White "Simon, Peter"]
[Black "Csapo, Zoltan"]
[Result "0-1"]
[WhiteElo "2037"]
[BlackElo "2174"]
[PlyCount "34"]
[EventDate "2003.11.01"]
[EventType "tourn"]
[EventRounds "11"]
[EventCountry "HUN"]
[SourceTitle "CBM 097 Extra"]
[Source "ChessBase"]
[SourceDate "2004.01.13"]
[SourceVersion "1"]
[SourceVersionDate "2004.01.13"]
[SourceQuality "1"]

1. e4 e5 2. f4 Bc5 3. Nf3 d6 4. c3 Bg4 5. d4 exd4 6. cxd4 Bxf3 7. gxf3 Qh4+ 8. Ke2 Bb6 9. Be3 Nc6 10. Nc3 Nge7 11. Kd3 0-0-0 12. Rc1 d5 13. Ne2 dxe4+ 14. fxe4 Nxd4 15. Nxd4 Bxd4 16. Bxd4 Nc6 17. Rxc6 Rxd4+ 0-1

[Event "Budapest FS10 FM-A"]
[Site "Budapest"]
[Date "2003.10.05"]
[Round "2"]
[White "Prohaszka, Peter"]
[Black "Simon, Peter"]
[Result "0-1"]
[WhiteElo "2102"]
[BlackElo "2037"]
[PlyCount "118"]
[EventDate "2003.10.04"]
[EventType "tourn"]
[EventRounds "11"]
[EventCountry "HUN"]
[SourceTitle "EXT 2004"]
[Source "ChessBase"]
[SourceDate "2003.11.25"]
[SourceVersion "1"]
[SourceVersionDate "2003.11.25"]
[SourceQuality "1"]

1. d4 Nf6 2. Bf4 d5 3. c3 e6 4. e3 Bd6 5. Bg3 Ne4 6. Nf3 Nxg3 7. hxg3 Nd7 8. Qc2 g6 9. Nbd2 Qe7 10. Be2 e5 11. 0-0-0 e4 12. Ng1 Nf6 13. Kb1 Be6 14. c4 c6 15. Nh3 0-0 16. Nf4 Bf5 17. Rh2 Bxf4 18. gxf4 Ng4 19. Bxg4 Bxg4 20. Rdh1 h5 21. Qc1 Kg7 22. Qc3 Rae8 23. Rc1 Rc8 24. Rhh1 Rfe8 25. a3 b6 26. Ka1 a5 27. Qb3 Qb7 28. Rhe1 Re7 29. cxd5 cxd5 30. Rxc8 Bxc8 31. Nb1 Qc6 32. Nc3 Be6 33. Kb1 Rb7 34. Qb5 Rc7 35. Qxc6 Rxc6 36. Rc1 Kf6 37. Na4 Rxc1+ 38. Kxc1 Bd7 39. Nxb6 Bc6 40. Kc2 Ke7 41. Kb3 h4 42. Nc8+ Kd7 43. Nb6+ Kc7 44. Na4 Bxa4+ 45. Kxa4 Kb6 46. Kb3 a4+ 47. Kxa4 f6 48. Kb4 g5 49. a4 g4 50. a5+ Kc6 51. a6 h3 52. gxh3 gxh3 53. Ka5 h2 54. b4 h1Q 55. b5+ Kc7 56. b6+ Kc6 57. b7 Qa1+ 58. Kb4 Kc7 59. Kb3 Qxa6 0-1

[Event "Balaton op 19th"]
[Site "Balatonlelle"]
[Date "2001.09.04"]
[Round "3.17"]
[White "Gaber, Jozsef"]
[Black "Simon, Peter"]
[Result "1-0"]
[WhiteElo "2150"]
[BlackElo "2037"]
[PlyCount "113"]
[EventDate "2001.09.02"]
[EventType "swiss"]
[EventRounds "9"]
[EventCountry "HUN"]
[SourceTitle "EXT 2012"]
[Source "ChessBase"]
[SourceDate "2011.11.24"]
[SourceVersion "1"]
[SourceVersionDate "2011.11.24"]
[SourceQuality "1"]

1. e4 e5 2. Bc4 Nf6 3. d3 Bc5 4. Nf3 d6 5. 0-0 Nc6 6. c3 0-0 7. b4 Bb6 8. a4 a5 9. b5 Ne7 10. Qb3 h6 11. Re1 Ng6 12. d4 Qe7 13. Nbd2 Bg4 14. h3 Bxf3 15. Nxf3 Rad8 16. Ra2 Kh7 17. dxe5 Nxe5 18. Nxe5 Qxe5 19. Rae2 Nd7 20. Be3 Bxe3 21. Rxe3 Nc5 22. Qa2 b6 23. g3 g5 24. Qc2 Kg7 25. Rd1 f6 26. Rd5 Qe7 27. Be2 Qf7 28. Qd1 Qe6 29. Bg4 Qf7 30. Bh5 Qg8 31. Kh2 Kh8 32. Qd4 Qg7 33. Rf5 Kh7 34. Ref3 Nd7 35. Re3 Nc5 36. Rd5 Qe7 37. Bg4 Rde8 38. Bh5 Rd8 39. Bg4 Rde8 40. Bf5+ Kg7 41. Qd1 Qf7 42. h4 Re5 43. Rxe5 fxe5 44. hxg5 hxg5 45. g4 Rh8+ 46. Rh3 Rxh3+ 47. Kxh3 Ne6 48. Bxe6 Qxe6 49. Qf3 Qc4 50. Kg2 Qxa4 51. Qf5 Qc4 52. Qxg5+ Kf8 53. Qh6+ Ke7 54. Qh4+ Kd7 55. g5 a4 56. g6 a3 57. Qh7+ 1-0

[Event "Budapest FS07 FM"]
[Site "Budapest"]
[Date "2001.??.??"]
[Round "3"]
[White "Simon, Peter"]
[Black "Coleman, James"]
[Result "0-1"]
[WhiteElo "2035"]
[BlackElo "2125"]
[PlyCount "40"]
[EventDate "2001.07.??"]
[EventType "tourn"]
[EventRounds "13"]
[EventCountry "HUN"]
[SourceTitle "EXT 2003"]
[Source "ChessBase"]
[SourceDate "2002.11.25"]
[SourceVersion "1"]
[SourceVersionDate "2002.11.25"]
[SourceQuality "1"]

1. e4 e5 2. Nf3 Nc6 3. Bc4 Nf6 4. d3 Be7 5. Nc3 d6 6. a3 Bg4 7. h3 Be6 8. Bxe6 fxe6 9. Qe2 0-0 10. 0-0 Qe8 11. Nb5 Rc8 12. d4 exd4 13. Nbxd4 Nxd4 14. Nxd4 Qd7 15. e5 dxe5 16. Qxe5 Bd6 17. Qxe6+ Qxe6 18. Nxe6 Rfe8 19. Re1 Re7 20. Kf1 Rce8 0-1

[Event "Budapest FS07 FM"]
[Site "Budapest"]
[Date "2001.??.??"]
[Round "6"]
[White "Toth, Gabor"]
[Black "Simon, Peter"]
[Result "1/2-1/2"]
[WhiteElo "2000"]
[BlackElo "2035"]
[PlyCount "101"]
[EventDate "2001.07.??"]
[EventType "tourn"]
[EventRounds "13"]
[EventCountry "HUN"]
[SourceTitle "EXT 2003"]
[Source "ChessBase"]
[SourceDate "2002.11.25"]
[SourceVersion "1"]
[SourceVersionDate "2002.11.25"]
[SourceQuality "1"]

1. d4 Nf6 2. e3 d5 3. Bd3 e6 4. Nf3 c5 5. c3 Nc6 6. 0-0 Be7 7. Nbd2 Qc7 8. Re1 c4 9. Bc2 b5 10. a3 0-0 11. b4 a5 12. Bb2 Bb7 13. e4 dxe4 14. Nxe4 Nxe4 15. Bxe4 axb4 16. axb4 Rxa1 17. Bxa1 Nb8 18. Qc2 h6 19. Ne5 Nd7 20. Qe2 Nf6 21. Bf3 Bxf3 22. Qxf3 Nd5 23. Re4 Nf6 24. Rf4 Qd6 25. Ng4 Nxg4 26. Rxg4 e5 27. dxe5 Qxe5 28. Re4 Qf6 29. Qxf6 Bxf6 30. Re1 Rd8 31. Kf1 Rd3 32. Rc1 Kf8 33. Bb2 Ke8 34. Ke2 Kd7 35. Ra1 Bxc3 36. Bxc3 Rxc3 37. Ra5 Rc2+ 38. Ke3 c3 39. Rxb5 Rc1 40. Kd3 Kc6 41. Rb8 Kc7 42. Rb5 Kd6 43. Rb7 Ke6 44. b5 g5 45. b6 f5 46. Rb8 h5 47. g3 h4 48. gxh4 gxh4 49. b7 Rb1 50. Rh8 Rxb7 51. Rxh4 1/2-1/2

[Event "Bader Memorial op"]
[Site "Heves"]
[Date "2000.10.21"]
[Round "1.24"]
[White "Csizmadia, Lajos"]
[Black "Simon, Peter"]
[Result "1-0"]
[WhiteElo "2021"]
[BlackElo "2085"]
[PlyCount "37"]
[EventDate "2000.??.??"]
[EventType "swiss"]
[EventRounds "9"]
[EventCountry "HUN"]
[SourceTitle "EXT 2004"]
[Source "ChessBase"]
[SourceDate "2003.11.25"]
[SourceVersion "1"]
[SourceVersionDate "2003.11.25"]
[SourceQuality "1"]

1. e4 e5 2. Nf3 Bc5 3. Bc4 Nf6 4. Nc3 0-0 5. d4 exd4 6. Nxd4 Bxd4 7. Qxd4 d6 8. Bg5 Qd7 9. Bxf6 gxf6 10. Qxf6 Qg4 11. f3 Qg7 12. Qe7 Nc6 13. Qxc7 Nd4 14. 0-0-0 Ne6 15. Qxd6 b6 16. Qe7 Ba6 17. Bxa6 Rfe8 18. Qh4 Qg5+ 19. Qxg5+ 1-0

[Event "Bader Memorial op"]
[Site "Heves"]
[Date "2000.10.21"]
[Round "2.25"]
[White "Simon, Peter"]
[Black "Kovacs, David"]
[Result "0-1"]
[WhiteElo "2085"]
[BlackElo "1573"]
[PlyCount "40"]
[EventDate "2000.??.??"]
[EventType "swiss"]
[EventRounds "9"]
[EventCountry "HUN"]
[SourceTitle "EXT 2004"]
[Source "ChessBase"]
[SourceDate "2003.11.25"]
[SourceVersion "1"]
[SourceVersionDate "2003.11.25"]
[SourceQuality "1"]

1. e4 c6 2. Bc4 d5 3. Bd3 Nf6 4. Nf3 dxe4 5. Bc4 exf3 6. Qxf3 e5 7. 0-0 Nbd7 8. d3 Qc7 9. Nc3 Bb4 10. Be3 Bxc3 11. bxc3 b5 12. Bb3 Bb7 13. Bc5 Nxc5 14. d4 exd4 15. cxd4 Nxb3 16. axb3 0-0 17. Rfe1 a5 18. Re2 Bc8 19. Qe3 Bg4 20. Ree1 Rfe8 0-1

[Event "Budapest FS10 FM Elo"]
[Site "Budapest"]
[Date "2000.??.??"]
[Round "8"]
[White "Hocevar, Nikola"]
[Black "Simon, Peter"]
[Result "1-0"]
[WhiteElo "2165"]
[BlackElo "2085"]
[PlyCount "123"]
[EventDate "2000.10.07"]
[EventType "tourn"]
[EventRounds "11"]
[EventCountry "HUN"]
[SourceTitle "EXT 2002"]
[Source "ChessBase"]
[SourceDate "2001.11.25"]
[SourceVersion "1"]
[SourceVersionDate "2001.11.25"]
[SourceQuality "1"]

1. c4 e5 2. Nc3 Nf6 3. g3 Nc6 4. Bg2 Bb4 5. Nd5 Nxd5 6. cxd5 Ne7 7. a3 Bc5 8. e3 d6 9. Ne2 0-0 10. d4 exd4 11. Nxd4 Nf5 12. Nb3 Bb6 13. e4 Ne7 14. 0-0 f5 15. Qc2 fxe4 16. Qxe4 Bf5 17. Qe2 Qd7 18. Be3 Rae8 19. Bxb6 axb6 20. Rac1 Ng6 21. Qc4 Rf7 22. f4 Re3 23. Rc3 Rfe7 24. Nd4 Rxc3 25. Qxc3 Be4 26. Re1 Bxg2 27. Kxg2 Rxe1 28. Qxe1 Qe7 29. Qe6+ Qxe6 30. Nxe6 c6 31. Nd8 Ne7 32. Nxb7 Nxd5 33. Nxd6 Kf8 34. Kf3 Ke7 35. Nf5+ Kf6 36. Ne3 Ne7 37. Ke4 Nc8 38. a4 Nd6+ 39. Kd4 Ke6 40. b4 Nb7 41. Kd3 c5 42. b5 Nd6 43. Nc4 Nc8 44. Ke4 h5 45. h3 g6 46. h4 Nd6+ 47. Nxd6 Kxd6 48. f5 gxf5+ 49. Kxf5 Kd5 50. g4 hxg4 51. Kxg4 Kd4 52. h5 c4 53. h6 c3 54. h7 Kd3 55. h8Q c2 56. Qc8 Kd2 57. a5 bxa5 58. b6 a4 59. b7 c1Q 60. Qxc1+ Kxc1 61. b8Q a3 62. Qb3 1-0